5HLuxD.jpg

KING HENRY VIII SENIOR AND PRIMARY SCHOOL LIBRARY OPAC

In the town / (Record no. 1575)

000 -LEADER
fixed length control field 01065 am a2200337ua 4500
001 - CONTROL NUMBER
control field 012625955
003 - CONTROL NUMBER IDENTIFIER
control field OSt
005 - DATE AND TIME OF LATEST TRANSACTION
control field 20230112173143.0
008 - FIXED-LENGTH DATA ELEMENTS--GENERAL INFORMATION
fixed length control field 990215s1997 enka j| 001 ||eng
015 ## - NATIONAL BIBLIOGRAPHY NUMBER
National bibliography number GB97Y2797
Source bnb
020 ## - INTERNATIONAL STANDARD BOOK NUMBER
International Standard Book Number 9780431063133
039 0# - LEVEL OF BIBLIOGRAPHIC CONTROL AND CODING DETAIL [OBSOLETE]
Level of rules in bibliographic description 2529
040 ## - CATALOGING SOURCE
Original cataloging agency StDuBDS
Modifying agency Uk
-- KH8
Transcribing agency .
082 04 - DEWEY DECIMAL CLASSIFICATION NUMBER
Classification number 307.76 BRY
Edition number 21
100 1# - MAIN ENTRY--PERSONAL NAME
Personal name Bryant-Mole, Karen.
Relator term author
245 10 - TITLE STATEMENT
Title In the town /
Statement of responsibility, etc. Karen Bryant-Mole.
260 ## - PUBLICATION, DISTRIBUTION, ETC.
Place of publication, distribution, etc. Oxford :
Name of publisher, distributor, etc. Heinemann Library,
Date of publication, distribution, etc. c1997.
300 ## - PHYSICAL DESCRIPTION
Extent 24p. :
Other physical details col. ill. ;
Dimensions 20 x 23cm.
336 ## - CONTENT TYPE
Content type term text
Source rdacontent
337 ## - MEDIA TYPE
Media type term unmediated
Source rdamedia
338 ## - CARRIER TYPE
Carrier type term volume
Source rdacarrier
490 1# - SERIES STATEMENT
Series statement Images
500 ## - GENERAL NOTE
General note Includes index.
650 #0 - SUBJECT ADDED ENTRY--TOPICAL TERM
Topical term or geographic name entry element Cities and towns
General subdivision Juvenile literature.
650 #0 - SUBJECT ADDED ENTRY--TOPICAL TERM
Topical term or geographic name entry element City and town life
General subdivision Juvenile literature.
690 7# - LOCAL SUBJECT ADDED ENTRY--TOPICAL TERM (OCLC, RLIN)
Topical term or geographic name as entry element Social Welfare
Source of heading or term blcoll
800 1# - SERIES ADDED ENTRY--PERSONAL NAME
Personal name Bryant-Mole, Karen.
Title of a work Images.
886 2# - FOREIGN MARC INFORMATION FIELD
2 ukmarc
a 900
b 10
a Mole
h Karen Bryant-
x See
a Bryant-Mole, Karen
z 100
886 2# - FOREIGN MARC INFORMATION FIELD
2 ukmarc
a 900
b 10
a Mole
h Karen Bryant-
x See
a Bryant-Mole, Karen
z 800
942 ## - ADDED ENTRY ELEMENTS (KOHA)
Source of classification or shelving scheme
Koha item type Books - Non Ficton
Holdings
Withdrawn status Lost status Source of classification or shelving scheme Damaged status Not for loan Collection code Permanent Location Current Location Shelving location Date acquired Total Checkouts Full call number Barcode Date last seen Date last checked out Price effective from Koha item type
          Non-Fiction KH8 Primary School Library KH8 Primary School Library Non Fiction 2023-01-12 4 307.76 BRY KHPL000003336 2025-12-05 2025-01-16 2023-01-12 Books - Non Ficton

Powered By KH8 IT Dept